| 000 | 00988nam a22002655a 4500 | ||
|---|---|---|---|
| 003 | OSt | ||
| 005 | 20170116131428.0 | ||
| 008 | 170116s2013 ua frb 000 0 ara d | ||
| 015 | _a2013 / 16854 | ||
| 020 | _a9789770473785 | ||
| 040 |
_aEG-ScBUE _bara _cEG-ScBUE |
||
| 043 | _ama----- | ||
| 082 | 0 | 4 |
_a345.174927 _bع ب د _222 |
| 100 | 1 | _aعبد الظاهر، أحمد. | |
| 245 | 1 | 2 |
_aالعقوبة التبعية في التشريعات الجنائية العربية / _cأحمد عبد الظاهر. |
| 246 | 3 | 3 |
_iTitle on first edition : _aالعقوبة التبعية في ميزان القاضي الدستوري |
| 250 | _aط. 2. | ||
| 260 |
_aالقاهرة : _bدار النهضة العربية، _c2013. |
||
| 300 |
_a279 ص. ؛ _c24 سم. |
||
| 504 | _aيشتمل على إرجاعات ببليوجرافية. | ||
| 650 | 7 |
_aقانون العقوبات _zالبلاد العربية. _2BUEsh |
|
| 651 | _2BUEsh | ||
| 653 |
_bLLAAWW _cJanuary2017 |
||
| 942 | _2ddc | ||
| 999 |
_c23952 _d23924 |
||